000 00856nam a2200205 i 4500
001 101818
003 ES-MaACL
005 20230906183003.0
007 t|
008 051026s1976 sp ||||1| spa d
100 1 _aMelis, Federico.
_979977
245 1 0 _aMercaderes italianos en España
_b: siglos XIV-XVI, (investigaciones sobre su correspondencia y su contabilidad) /
_cFederico Melis; prólogo de Felipe Ruiz Martín.
260 _aSevilla :
_bUniversidad,
_c1976.
300 _aXXXI, 202 p., 6 lám., 2 h. pleg. ;
_c25 cm.
490 1 _aAnales de la Universidad Hispalense. Ciencias Económicas y Empresariales
_78, 1-1976
700 1 _aRuiz Martín, Felipe.
_9100865
830 0 _aAnales de la Universidad Hispalense. Ciencias Económicas y Empresariales
_78, 1-1976
_9232501
852 _aES-MaACL
_jA-6453
_bR.94958
999 _c101818
_d101818